000 00799nam a2200229 i 4500
001 98011
003 ES-MaACL
005 20250801090226.0
007 t|
008 050721s1972 sp ||||1| spa d
100 1 _aMarquerie, Alfredo,
_d1907-1974
_976973
245 1 0 _aCincuenta personajes del teatro universal /
_cAlfredo Marquerie.
260 _aMadrid :
_bE.M.E.S.A.,
_c1972.
300 _a329 p., 6 lám. :
_bil. ;
_c18 cm.
490 1 _aNovelas y Cuentos ;
_v109 "Sección Cultura"
650 4 _aPersonajes literarios.
_915970
650 4 _aTeatro (Género literario)-
_xHistoria y crítica.
_917365
830 0 0 _aNovelas y cuentos
_v109 "Sección Cultura"
_9179596
852 _aES-MaACL
_jC-42884
_bR.81644
852 _aES-MaACL
_jC-53148
_bR.84855
999 _c98011
_d98011